Today's medical assistant : (Record no. 121918)

MARC details
000 -LEADER
fixed length control field 00937nam a2200277 a 4500
003 - CONTROL NUMBER IDENTIFIER
control field OSt
005 - DATE AND TIME OF LATEST TRANSACTION
control field 20250828101059.0
008 - FIXED-LENGTH DATA ELEMENTS--GENERAL INFORMATION
fixed length control field
020 ## - INTERNATIONAL STANDARD BOOK NUMBER
International Standard Book Number 9780323311281 (paperback)
040 ## - CATALOGING SOURCE
Original cataloging agency NUST
Transcribing agency NUST
100 1# - MAIN ENTRY--PERSONAL NAME
Personal name Bonewit-West, Kathy.,
-- author.
245 10 - TITLE STATEMENT
Title Today's medical assistant :
Remainder of title clinical and administrative procedures/
Statement of responsibility, etc. Kathy Bonewit-West ; Sue A Hunt & Edith Applegate.
250 ## - EDITION STATEMENT
Edition statement Third edition.
260 ## - PUBLICATION, DISTRIBUTION, ETC.
Place of publication, distribution, etc. St. Louis, Missouri :
Name of publisher, distributor, etc. Elsevier,
Date of publication, distribution, etc. 2016.
300 ## - PHYSICAL DESCRIPTION
Extent xix, 1418 pages :
Other physical details illustrations ;
Dimensions 28 cm.
336 ## - CONTENT TYPE
Content type term text
Content type code txt
Source rdacontent
337 ## - MEDIA TYPE
Media type term unmediated
Media type code n
Source rdamedia
338 ## - CARRIER TYPE
Carrier type term volume
Carrier type code nc
Source rdacarrier
504 ## - BIBLIOGRAPHY, ETC. NOTE
Bibliography, etc. note [ ]
650 #1 - SUBJECT ADDED ENTRY--TOPICAL TERM
Topical term or geographic name entry element Medical assistants.
650 ## - SUBJECT ADDED ENTRY--TOPICAL TERM
Topical term or geographic name entry element Clinical medicine.
700 ## - ADDED ENTRY--PERSONAL NAME
Personal name Hunt, Sue A.,
-- author.
700 ## - ADDED ENTRY--PERSONAL NAME
Personal name Applegate, Edith.,
-- author.
907 ## - LOCAL DATA ELEMENT G, LDG (RLIN)
a .b1041728x
b 17-01-23
c 14-04-22
942 ## - ADDED ENTRY ELEMENTS (KOHA)
Koha item type Ordinary Loan Books
Call number prefix R728.8
Call number suffix BON
Source of classification or shelving scheme
Holdings
Withdrawn status Lost status Source of classification or shelving scheme Damaged status Not for loan Collection Home library Current library Shelving location Date acquired Cost, normal purchase price Total Checkouts Full call number Barcode Date last seen Cost, replacement price Price effective from Koha item type
    LCC     NFIC Medical Medical GEN 01/20/2023 80.00   R728.8 BON 92004050909 01/20/2023 80.00 01/20/2023 BOOKS